Sports Quiz

Random Sports or Football Quiz

University of Miami Football Coaches Quiz Stats

Quiz not verified by Sporcle

Challenge
Share
Tweet
Embed
Score 0/9 Timer 03:00
0 Plays Today
Years Coached Coach % Correct

1984-1988

Jimmie Johnson
93.4%

2011-2015

Al Golden
82%

2001-2006

Larry Coker
80.3%

1989-1994

Dennis Erickson
78.7%

1995-2000

Butch Davis
75.4%

2007-2010

Randy Shannon
73.8%

1979-1983

Howard Schnellenberger
72.1%

2016-current

Mark Richt
52.9%

1977-1978

Lou Saban
36.1%

You're not logged in!

Compare scores with friends on all Sporcle quizzes.
Join for Free
OR
Log In

You Might Also Like...

Show Comments

Extras

Top Quizzes Today


Score Distribution

Your Account Isn't Verified!

In order to create a playlist on Sporcle, you need to verify the email address you used during registration. Go to your Sporcle Settings to finish the process.

Report this User

Report this user for behavior that violates our Community Guidelines.

Details: